| 000 | 01257cam a22002657a 4500 | ||
|---|---|---|---|
| 001 | 3228 | ||
| 005 | 20260106141751.0 | ||
| 020 | _a9781618103031 | ||
| 040 |
_aDLC _cDLC _dDLC _beng |
||
| 050 | 0 | 0 | _aG8371 |
| 082 | _a823 | ||
| 100 | 1 | _aGreve, Meg | |
| 245 | 1 | 0 |
_aMud pie queen / _cby Greve, Meg : illustrated by Poole, Helen |
| 260 |
_a Florida : _bRourke Educational Media, _c2013 |
||
| 300 |
_a24 pages : _bcolor illustrations ; _c21 cm. |
||
| 490 | 0 | _aLittle birdie books | |
| 505 | _aF | ||
| 520 | _aFeaturing 24 pages of colorful illustrations with a fictional story and supporting vocabulary, Mud Pie Queen introduces young readers to punctuation, sight words, and reading comprehension skills. Little Birdie Books provide a fun, informative way to approach essential educational skills. These age-appropriate readers engage early learners by using simple language and appealing topics while also featuring helpful sections like Words to Know Before You Read, Comprehension & Extension activities, and more. | ||
| 521 |
_a320
_bLexile |
||
| 521 |
_aF
_bRaz-Plus |
||
| 650 |
_amud pie queen _vfiction |
||
| 700 | 1 |
_aPoole, Helen _d1979- _eillustrator |
|
| 906 |
_a7 _bcbc _corignew _d4 _encip _f20 _gy-gencatlg |
||
| 942 |
_2ddc _cBK _n0 |
||
| 999 |
_c3228 _d3228 |
||